Famous buildings of Norway Quiz Stats

 Plays Quiz not verified by Sporcle

Also try: Boroughs of NYC
Challenge
Share
Tweet
Score 0/18 Timer 07:00
0 Plays Today
Building % Correct
Operaen
89.7%
Nidarosdomen
83.6%
Bryggen
82.8%
Det Kongelige Slott
76.7%
Akershus festning
73.3%
Stortinget
69%
Ishavskatedralen
66.4%
Stiftsgården
36.2%
Fredriksten festning
33.6%
Building % Correct
Håkonshallen
31%
Eidsvollbygningen
30.2%
Borgund stavkirke
30.2%
Troldhaugen
28.4%
Slottsfjellstårnet
28.4%
Stavanger domkirke
26.7%
Mariakirken
19.8%
Johanneskirken
14.7%
Nasjonalgalleriet
13.8%

You're not logged in!

Compare scores with friends on all Sporcle quizzes.
Join for Free
OR
Log In

You Might Also Like...

Show Comments

Extras

Top Quizzes Today


Score Distribution

Your Account Isn't Verified!

In order to create a playlist on Sporcle, you need to verify the email address you used during registration. Go to your Sporcle Settings to finish the process.

Report this User

Report this user for behavior that violates our Community Guidelines.

Details: